The Populist Discourse on Representation in Lithuania

Titel: The Populist Discourse on Representation in Lithuania / Jogilė Ulinskaitė
Verfasser:
In: European review, Band 28, Heft 5 (2020), Seite 744-760
alle Artikel anzeigen
Veröffentlicht: 2020
Umfang: 2 Tabellen
Format: Aufsatz
Sprache: Englisch
Schlagworte:
Kein Bild verfügbar
X
alg: 52329681
001A    $03025:07-11-24 
001B    $03025:07-11-24 $t12:37:25.000 
001D    $03025:07-11-24 
001U    $0utf8 
001X    $00 
002@    $0Oou 
002C    $aText $btxt $2rdacontent 
002D    $aComputermedien $bc $2rdamedia 
002E    $aOnline-Ressource $bcr $2rdacarrier 
003@    $0523296819 
009Q    $uhttps://doi.org/10.1017/S1062798720000216 $xVolltext 
010@    $aeng 
010E    $erda 
011@    $a2020 
021A    $aThe @Populist Discourse on Representation in Lithuania $hJogilė Ulinskaitė 
028A    $BVerfasser $4aut $71347517251 $8Ulinskaitė, Jogilė [Tp3] $9523296797 
031A    $d28 $e5 $h744-760 $j2020 
034M    $a2 Tabellen 
039B    $aEnthalten in $8--Obvc--. European review. - Cambridge : Cambridge Univ. Press, 1993-. - Online-Ressource. - ISSN 1474-0575 $x202000000280005256 $9098734202 
044K    $RLitovskaja Gubernija $RLitauische Sozialistische Sowjetrepublik $#Litauen $#Litauen $#Lithuania $#Lietuvos Respublika $#République Lithuanienne $#Lithuanie $#Litva 1918 - 1940, 1991, 9 - $#Litovskaja Respublika $#Lithuania 1918 - 1940, 1991, 9 - $#Republik Litauen $#Republic of Lithuania $#Lithuanian Republic $#Litauische Republik $#Lietuva $74074266-0 $8Litauen [Tg1] $9085209074 
044K    $RPolitisches System $#Political culture $#Culture politique $#Cultura politica $#Cultura política $#Politische Kultur $#politische Kultur $74046540-8 $8Politische Kultur [Ts1] $9085129917 
044K    $#Populism $#Populisme $#Populismo $#Populismo $#Populismus $#Populismus $74129521-3 $8Populismus [Ts1] $9085454206 
045F    $a909 $eDDC23BSB 
045F/01 $a909 
045F/03 $f090512 
045F/03 $g4793 
045R    $aGeschichte 2016-2017 

lok: 52329681 78

exp: 52329681 78 1 #EPN
201B/01 $007-11-24 $t12:37:01.000 
201C/01 $007-11-24 
201U/01 $0utf8 
203@/01 $01281976784 
208@/01 $a07-11-24 $be 
209A/01 $a/ $f000 $x00 
209A/01 $ab*p $x01 
220C/01 $apgar 
244Z/01 $#Litauen $#Litauen $#Lithuania $#Lietuvos Respublika $#République Lithuanienne $#Lithuanie $#Litva 1918 - 1940, 1991, 9 - $#Litovskaja Respublika $#Lithuania 1918 - 1940, 1991, 9 - $#Republik Litauen $#Republic of Lithuania $#Lithuanian Republic $#Litauische Republik $#Lietuva $74074266-0 $8--Tg1--Litauen $x10 $9085209074 
247C/01 $82080>Marburg/Lahn, Herder-Institut, Forschungsbibliothek, Bibliographieportal $9336309341
LEADER 00000naa a2200000 c 4500
001 523296819
003 DE-603
005 20241107123725.0
007 cr||||||||||||
008 241107s2020 xx |||| o| u00||u|eng c
035 |a (DE-599)HEB523296819 
040 |a DE-603  |b ger  |c DE-603  |d DE-603  |e rda 
041 |a eng 
082 0 4 |8 1\u  |a 909  |q DE-101  |2 23/BSB 
085 |8 1\u  |b 909 
085 |8 1\u  |z 1  |s 090512 
085 |8 1\u  |z 2  |s 4793 
100 1 |a Ulinskaitė, Jogilė  |e Verfasser  |4 aut  |0 (DE-603)523296797  |0 (DE-588)1347517251  |2 gnd 
245 0 0 |a ˜Theœ Populist Discourse on Representation in Lithuania  |c Jogilė Ulinskaitė 
264 0 |c 2020 
300 |b 2 Tabellen 
336 |a Text  |b txt  |2 rdacontent 
337 |a Computermedien  |b c  |2 rdamedia 
338 |a Online-Ressource  |b cr  |2 rdacarrier 
648 7 |a Geschichte 2016-2017  |2 gnd 
650 7 |a Politische Kultur  |0 (DE-588)4046540-8  |0 (DE-603)085129917  |2 gnd 
650 7 |a Populismus  |0 (DE-588)4129521-3  |0 (DE-603)085454206  |2 gnd 
651 7 |a Litauen  |0 (DE-588)4074266-0  |0 (DE-603)085209074  |2 gnd 
773 0 8 |i Enthalten in  |t European review  |d Cambridge : Cambridge Univ. Press, 1993-  |h Online-Ressource  |x 1474-0575  |g Band 28, Heft 5 (2020), Seite 744-760  |w (DE-603)098734202  |w (DE-600)2048671-6 
856 |u https://doi.org/10.1017/S1062798720000216 
924 1 |9 2080  |a (DE-603)1281976784  |b DE-2080  |c HES  |d d  |g /